zpět

Detail výsledku týmu

Pekelná Husa, Klatovy

Datum a čas kvízu

22 Celkem bodů Celkový počet nahraných bodů na tomto kvízu bez doplňovacích otázek.
5. Pořadí na kvízu Konečné umístění týmu na tomto kvízu.

Zaznamenané odpovědi

# Otázka Odpověď Body Výsledky
1. Andrej Babiš byl dle očekávání... jeden 1
2. Po skandálu s udělením milosti... Maďarsko 1
3. Jak se nazývá kapela, kterou p... 4TET 0
4. Firma Google minulý týden přej... Gemini 1
5. V noci z neděle na pondělí se... Kansas City (Chiefs), San Francisco (49ers) 0.5
6. Vítězné téma facebookového hla... 1D 2B 3A 4C 0
7. Dne 4. ledna 1997 došlo ke sňa... Havel, Veškrnová 0
8. Devadesátkovou klasikou je fil... Fuck Off Guys Good Day 0
9. Kolik tlačítek má na své předn... tři 0
10. Ke kterému městu se v souvislo... Vsetín 0